Breve reseña histórica del movimiento sindical en Costa Rica /

Describe los movimientos obreros y las luchas sindicales en Costa Rica. Estudia el movimiento obrero a partir del siglo XIX y lo vincula con obras tales como la construcción del ferrocarril al Atlántico. Hace un recuento de las luchas de los trabajadores entre 1900 y 1931 y señala la situación de la...

Full description

Saved in:
Bibliographic Details
Main Author: De la Cruz de Lemos, Vladimir
Other Authors: Picado, José
Format: Text
Published: Heredia: Universidad Nacional
Subjects:
Tags: Add Tag
No Tags, Be the first to tag this record!

MARC

LEADER 00000 a a2200000 04500
001 20250
003
040
090 |a 083800  
100 |a De la Cruz de Lemos, Vladimir  
245 |a Breve reseña histórica del movimiento sindical en Costa Rica /  |c Vladimir De la Cruz de Lemos 
260 |a Heredia:   |b Universidad Nacional  
300 |a 11 p.  
520 |a Describe los movimientos obreros y las luchas sindicales en Costa Rica. Estudia el movimiento obrero a partir del siglo XIX y lo vincula con obras tales como la construcción del ferrocarril al Atlántico. Hace un recuento de las luchas de los trabajadores entre 1900 y 1931 y señala la situación de la prensa obrera, Describe las condiciones de los obreros bananeros, el logro de reivindicaciones económicas y las diferentes huelgas producidas en el país. Reseña las luchas obreras a partir de 1931 y hasta 1948, bajo el liderazgo del Partido Comunista./ACM  
650 |a COSTA RICA  
650 |a MOVIMIENTOS SOCIALES  
650 |a MOVIMIENTOS OBREROS  
650 |a SINDICALISMO  
650 |a HUELGAS  
650 |a HISTORIA SOCIAL  
650 |a COMUNISMO  
700 |a Picado, José  
999 |c 10277  |d 10277